000 01451cam a22003977a 4500
003 CHAP
005 20220329143011.0
008 050613d2001 es a r 00110 spa d
010 _a90474
011 _a91446
020 _a8471149192
035 _a102005
040 _cCHAP
082 0 4 _a634.5
_bM8
100 0 0 _aMuncharaz Pou, Manuel.
_979469
245 1 3 _aEl nogal :
_btécnicas de cultivo para la producción frutal
_c/por Manuel Muncharaz Pou
260 _aMadrid :
_bMundi-Prensa,
_c2001
300 _a299 p. :
_bilus.
590 _aBATCH-UPD
_b10
_c20130110
_lUCH01
_h0518
590 _aBATCH-UPD
_b10
_c20130410
_lUCH01
_h0157
590 _aBATCH-UPD
_b10
_c20130914
_lUCH01
_h1834
590 _aCONVERSION
_b10
_c20130109
_lUCH01
_h1350
650 1 4 _aNogal.
_981544
650 1 4 _aNogal
_xFertilización.
_981556
650 1 4 _aNogal
_xFisiología y morfología.
_981557
650 1 4 _aNogal
_xMercadeo.
_981561
650 1 4 _aNogal
_xPoda.
_981566
650 1 4 _aNogal
_xVariedades.
_981572
901 _aBK
905 _aLilia
942 _cLIBRO
949 _a634.5 M8
_bBC
_cLIBRO
_d33724000952537
_eLIBRO
_fc.2
_gI.224244
_h106318
_i102005
_so
_t$639.00
949 _a634.5 M8
_bBC
_cLIBRO
_d33724000952545
_eLIBRO
_fc.3
_gI.224245
_h106319
_i102005
_so
_t$639.00
949 _a634.5 M8
_bBC
_cLIBRO
_d33724000957965
_eLIBRO
_gI.00224243
_h106095
_i102005
_so
_t$639.00
949 _a634.5 M8
_bBC
_cLIBRO
_d33724002047892
_eLIBRO
_fc.4
_gI.c/e
_h108914
_i102005
_so
_t$639.00
999 _c90474
_d90474